[Event "RUS-chT Blitz (Women)"]
[Site "Sochi"]
[Date "2021.10.14"]
[Round "11.1"]
[White "Khokhlova, Daria"]
[Black "Sakorenko, Adriana"]
[Result "1-0"]
[WhiteElo "2134"]
[BlackElo "2211"]
[PlyCount "65"]
[EventDate "2021.10.14"]
[EventType "team-tourn (blitz)"]
[EventRounds "11"]
[EventCountry "RUS"]
[SourceTitle "CBM 204 Extra"]
[Source "ChessBase"]
[SourceDate "2021.11.30"]
[SourceVersion "1"]
[SourceVersionDate "2021.11.30"]
[SourceQuality "1"]
[WhiteTeam "Krasnodar Strimershi (W)"]
[BlackTeam "Voronezh (W)"]
[WhiteTeamCountry "RUS"]
[BlackTeamCountry "RUS"]

1. d4 f5 2. c4 Nf6 3. g3 g6 4. Bg2 Bg7 5. Nc3 d6 6. Nf3 0-0 7. 0-0 Nc6 8. Qc2 e5 9. dxe5 dxe5 10. Rd1 Qe8 11. Nd5 Qf7 12. Ng5 Qe8 13. Nxc7 Qe7 14. Nxa8 h6 15. Nf3 Be6 16. b3 Rxa8 17. Bb2 Qc5 18. a3 a5 19. b4 Qxc4 20. Qxc4 Bxc4 21. Nxe5 Nxe5 22. Bxe5 axb4 23. axb4 Re8 24. f4 Bxe2 25. Re1 Ba6 26. Bxf6 Rxe1+ 27. Rxe1 Bxf6 28. Bd5+ Kg7 29. Kg2 g5 30. fxg5 hxg5 31. Rc1 Kg6 32. Rc7 Bc3 33. Rxc3 1-0

[Event "RUS-chT Blitz (Women)"]
[Site "Sochi"]
[Date "2021.10.14"]
[Round "2.2"]
[White "Sakorenko, Adriana"]
[Black "Shnayder, Violetta"]
[Result "0-1"]
[WhiteElo "2211"]
[BlackElo "1921"]
[PlyCount "106"]
[EventDate "2021.10.14"]
[EventType "team-tourn (blitz)"]
[EventRounds "11"]
[EventCountry "RUS"]
[SourceTitle "CBM 204 Extra"]
[Source "ChessBase"]
[SourceDate "2021.11.30"]
[SourceVersion "1"]
[SourceVersionDate "2021.11.30"]
[SourceQuality "1"]
[WhiteTeam "Voronezh (W)"]
[BlackTeam "Cheliabinsk Yuzhnyy Ural (W) II"]
[WhiteTeamCountry "RUS"]
[BlackTeamCountry "RUS"]

1. e4 c6 2. d4 d5 3. exd5 cxd5 4. Bd3 Nc6 5. c3 Qc7 6. Ne2 e6 7. Bf4 Bd6 8. Bxd6 Qxd6 9. Nd2 Nf6 10. Nf3 0-0 11. 0-0 e5 12. dxe5 Nxe5 13. Nxe5 Qxe5 14. Nd4 Bg4 15. f3 Qe3+ 16. Kh1 Bd7 17. Re1 Qh6 18. Qc1 Qh4 19. Bf5 Rfe8 20. Bxd7 Nxd7 21. Qd2 g6 22. Nb5 Rxe1+ 23. Rxe1 Nb6 24. b3 Kg7 25. g3 Qf6 26. Kg2 a6 27. Nd4 Rc8 28. Qe3 h5 29. h4 Rc7 30. Re2 Rc8 31. Rd2 Rc7 32. Ne2 Re7 33. Qd3 Qe5 34. Nf4 Qe1 35. Re2 Rxe2+ 36. Qxe2 Qxc3 37. Qe7 d4 38. Qxb7 Qd2+ 39. Kh3 Qb4 40. Qe4 Qc5 41. Nd3 Qd6 42. Kg2 Qd5 43. Qxd5 Nxd5 44. Kf2 Nc3 45. a4 Kf6 46. f4 Ke7 47. Kf3 Kd6 48. Ne5 Kc5 49. Nxf7 Kb4 50. Ne5 Kxb3 51. Nxg6 d3 52. Ke3 Kc2 53. Ne5 d2 0-1

[Event "RUS-ch U20 Girls"]
[Site "Loo"]
[Date "2021.04.28"]
[Round "8"]
[White "Goltseva, Ekaterina"]
[Black "Sakorenko, Adriana"]
[Result "1-0"]
[WhiteElo "2269"]
[BlackElo "2216"]
[PlyCount "69"]
[EventDate "2021.04.21"]
[EventType "swiss"]
[EventRounds "9"]
[EventCountry "RUS"]
[SourceTitle "CBM 202 Extra"]
[Source "ChessBase"]
[SourceDate "2021.07.31"]
[SourceVersion "1"]
[SourceVersionDate "2021.07.31"]
[SourceQuality "1"]

1. d4 d5 2. c4 c6 3. Nf3 Nf6 4. g3 Bf5 5. Nc3 e6 6. Nh4 dxc4 7. Nxf5 exf5 8. e3 Nbd7 9. Bxc4 Nb6 10. Bb3 g6 11. 0-0 Bg7 12. f3 0-0 13. e4 Qd7 14. e5 Nfd5 15. Qe2 Rfe8 16. Qf2 a5 17. a3 Bf8 18. Kh1 Rac8 19. Rd1 Ra8 20. Bd2 a4 21. Ba2 Nxc3 22. bxc3 Nd5 23. c4 Nc7 24. Bc3 b5 25. d5 bxc4 26. e6 fxe6 27. dxe6 Qxe6 28. Qd4 Re7 29. Qh8+ Kf7 30. Re1 Qd6 31. Bxc4+ Nd5 32. Rxe7+ Kxe7 33. Re1+ Kd8 34. Bxd5 cxd5 35. Bb4 1-0

[Event "RUS-ch U20 Girls"]
[Site "Loo"]
[Date "2021.04.24"]
[Round "4"]
[White "Afonasieva, Anna"]
[Black "Sakorenko, Adriana"]
[Result "1-0"]
[WhiteElo "2270"]
[BlackElo "2216"]
[PlyCount "59"]
[EventDate "2021.04.21"]
[EventType "swiss"]
[EventRounds "9"]
[EventCountry "RUS"]
[SourceTitle "CBM 202 Extra"]
[Source "ChessBase"]
[SourceDate "2021.07.31"]
[SourceVersion "1"]
[SourceVersionDate "2021.07.31"]
[SourceQuality "1"]

1. d4 d5 2. Bf4 e6 3. e3 Bd6 4. Bg3 Nf6 5. Nd2 c5 6. c3 Qc7 7. dxc5 Bxg3 8. hxg3 Qxc5 9. Ngf3 Nc6 10. Bd3 Bd7 11. Qe2 h6 12. Rd1 Qb6 13. b4 a6 14. e4 dxe4 15. Nxe4 Nxe4 16. Bxe4 Qc7 17. 0-0 Rd8 18. Qe3 0-0 19. g4 f5 20. Bxc6 bxc6 21. Qe5 Qb6 22. g5 Bc8 23. gxh6 gxh6 24. Rd4 Kh7 25. Rh4 Rd5 26. Qg3 Rf6 27. Ng5+ Kh8 28. c4 f4 29. Nf7+ Kh7 30. Qh3 1-0

[Event "RUS-ch U20 Girls"]
[Site "Loo"]
[Date "2021.04.23"]
[Round "3"]
[White "Sakorenko, Adriana"]
[Black "Garmash, Aliona"]
[Result "1-0"]
[WhiteElo "2216"]
[BlackElo "2120"]
[PlyCount "81"]
[EventDate "2021.04.21"]
[EventType "swiss"]
[EventRounds "9"]
[EventCountry "RUS"]
[SourceTitle "CBM 202 Extra"]
[Source "ChessBase"]
[SourceDate "2021.07.31"]
[SourceVersion "1"]
[SourceVersionDate "2021.07.31"]
[SourceQuality "1"]

1. e4 c6 2. d4 d5 3. Nc3 dxe4 4. Nxe4 Nf6 5. Nxf6+ exf6 6. c3 Bd6 7. Bd3 Na6 8. Ne2 Nc7 9. Qc2 h5 10. h3 Kf8 11. a3 g6 12. c4 Kg7 13. 0-0 h4 14. Be3 Be6 15. Rad1 Qd7 16. Nf4 Bxf4 17. Bxf4 g5 18. Bh2 g4 19. hxg4 Bxg4 20. f3 Be6 21. Kh1 Rh5 22. Qc1 Bf5 23. Qf4 Bxd3 24. Rxd3 Ne6 25. Qg4+ Rg5 26. Qh3 f5 27. d5 Nc5 28. Rd4 Rh8 29. Rxh4 Rxh4 30. Qxh4 f6 31. b4 Na4 32. d6 Nb6 33. Re1 Nc8 34. Bf4 Rg6 35. c5 b6 36. Qf2 bxc5 37. bxc5 Kf8 38. Qe3 Qh7+ 39. Kg1 Qf7 40. Bh6+ Kg8 41. Qe8+ 1-0

[Event "RUS-ch U20 Girls"]
[Site "Loo"]
[Date "2021.04.21"]
[Round "1"]
[White "Sakorenko, Adriana"]
[Black "Gelman, Inna"]
[Result "1-0"]
[WhiteElo "2216"]
[BlackElo "1801"]
[PlyCount "65"]
[EventDate "2021.04.21"]
[EventType "swiss"]
[EventRounds "9"]
[EventCountry "RUS"]
[SourceTitle "CBM 202 Extra"]
[Source "ChessBase"]
[SourceDate "2021.07.31"]
[SourceVersion "1"]
[SourceVersionDate "2021.07.31"]
[SourceQuality "1"]

1. Nf3 Nf6 2. b3 c5 3. Bb2 Nc6 4. e3 d5 5. Be2 e6 6. 0-0 Be7 7. d4 0-0 8. c4 b6 9. Ne5 Bb7 10. Nxc6 Bxc6 11. dxc5 Bxc5 12. Nd2 Qe7 13. a3 a5 14. Bf3 Rfd8 15. Qe2 Rac8 16. cxd5 Bxd5 17. Bxd5 Rxd5 18. e4 Rg5 19. Rac1 Rd8 20. Nc4 Nh5 21. Qf3 e5 22. h4 Rd3 23. Ne3 Rxg2+ 24. Qxg2 Nf4 25. Qh2 Ne2+ 26. Kh1 Nxc1 27. Rxc1 f6 28. Rd1 Rxb3 29. Qh3 h6 30. Qc8+ Kh7 31. Rd7 Qf8 32. Rd8 Qe7 33. h5 1-0

[Event "Titled Tuesday intern op 23rd Feb"]
[Site "Chess.com INT"]
[Date "2021.02.23"]
[Round "5"]
[White "Djordjevic, Vuk D"]
[Black "Sakorenko, Adriana"]
[Result "1-0"]
[WhiteElo "2350"]
[BlackElo "2216"]
[PlyCount "51"]
[EventDate "2021.02.23"]
[EventType "swiss (blitz)"]
[EventRounds "11"]
[EventCountry "USA"]
[SourceTitle "CBM 200 Extra"]
[Source "ChessBase"]
[SourceDate "2021.03.31"]
[SourceVersion "1"]
[SourceVersionDate "2021.03.31"]
[SourceQuality "1"]

1. d4 d5 2. Bf4 c5 3. e3 Nc6 4. c3 Qb6 5. Qb3 c4 6. Qc2 e5 7. dxe5 Bf5 8. Qc1 g5 9. Bg3 h5 10. h4 gxh4 11. Rxh4 Nge7 12. Nf3 Ng6 13. Rh1 h4 14. Nxh4 Ngxe5 15. Nd2 Bd3 16. Ndf3 Bxf1 17. Nxe5 Bd3 18. Nxd3 cxd3 19. Qd2 Na5 20. Qxd3 Qxb2 21. Rd1 0-0-0 22. Qd2 Qxd2+ 23. Kxd2 Bg7 24. Nf5 Rxh1 25. Rxh1 Nc4+ 26. Kc2 1-0

[Event "Titled Tuesday intern op 23rd Feb"]
[Site "Chess.com INT"]
[Date "2021.02.23"]
[Round "4"]
[White "Harshavardhan, GB."]
[Black "Sakorenko, Adriana"]
[Result "1-0"]
[WhiteElo "2397"]
[BlackElo "2216"]
[PlyCount "51"]
[EventDate "2021.02.23"]
[EventType "swiss (blitz)"]
[EventRounds "11"]
[EventCountry "USA"]
[SourceTitle "CBM 200 Extra"]
[Source "ChessBase"]
[SourceDate "2021.03.31"]
[SourceVersion "1"]
[SourceVersionDate "2021.03.31"]
[SourceQuality "1"]

1. e4 c6 2. d4 d5 3. exd5 cxd5 4. c4 Nf6 5. Nc3 Be6 6. c5 g6 7. Qb3 Qc8 8. Nf3 Nc6 9. Be3 Bg7 10. Qa3 0-0 11. Be2 Ne4 12. 0-0 Nxc3 13. Qxc3 Bg4 14. Qd2 Rd8 15. Rad1 b6 16. b4 bxc5 17. bxc5 e6 18. h3 Bxf3 19. Bxf3 Qa6 20. Be2 Qa3 21. Rb1 Rab8 22. Bb5 Rdc8 23. Bxc6 Rxb1 24. Rxb1 Rxc6 25. Rb8+ Bf8 26. Bh6 1-0

[Event "Titled Tuesday intern op 23rd Feb"]
[Site "Chess.com INT"]
[Date "2021.02.23"]
[Round "1"]
[White "Sakorenko, Adriana"]
[Black "Kovalev, Vladislav"]
[Result "0-1"]
[WhiteElo "2216"]
[BlackElo "2648"]
[PlyCount "72"]
[EventDate "2021.02.23"]
[EventType "swiss (blitz)"]
[EventRounds "11"]
[EventCountry "USA"]
[SourceTitle "CBM 200 Extra"]
[Source "ChessBase"]
[SourceDate "2021.03.31"]
[SourceVersion "1"]
[SourceVersionDate "2021.03.31"]
[SourceQuality "1"]

1. d4 Nf6 2. Nf3 g6 3. c4 Bg7 4. g3 0-0 5. Bg2 d6 6. 0-0 Nc6 7. d5 Na5 8. Qa4 c5 9. Bd2 b6 10. Bc3 Bd7 11. Qc2 Bf5 12. Qc1 a6 13. Nbd2 b5 14. b3 Rb8 15. Re1 Bg4 16. e4 Bxf3 17. Bxf3 Nd7 18. Bxg7 Kxg7 19. h4 e5 20. dxe6 fxe6 21. Bg4 Ne5 22. Be2 Qf6 23. Rf1 Nec6 24. Bg4 Nd4 25. Kg2 Nac6 26. Qc3 b4 27. Qb2 Ne5 28. Bd1 Nd3 29. Qb1 Qxf2+ 30. Rxf2 Rxf2+ 31. Kh3 Rxd2 32. h5 g5 33. h6+ Kxh6 34. a3 Rf8 35. axb4 Rff2 36. Kg4 Ne5+ 0-1

[Event "Titled Tuesday intern op 26th Jan"]
[Site "Chess.com INT"]
[Date "2021.01.26"]
[Round "3"]
[White "Abdusattorov, Nodirbek"]
[Black "Sakorenko, Adriana"]
[Result "1-0"]
[WhiteElo "2627"]
[BlackElo "2216"]
[PlyCount "105"]
[EventDate "2021.01.26"]
[EventType "swiss (blitz)"]
[EventRounds "11"]
[EventCountry "USA"]
[SourceTitle "CBM 200 Extra"]
[Source "ChessBase"]
[SourceDate "2021.03.31"]
[SourceVersion "1"]
[SourceVersionDate "2021.03.31"]
[SourceQuality "1"]

1. e4 Nf6 2. e5 Nd5 3. d4 d6 4. Nf3 Bg4 5. Be2 e6 6. h3 Bh5 7. c4 Nb6 8. 0-0 Be7 9. Nc3 0-0 10. Be3 Nc6 11. exd6 cxd6 12. b3 d5 13. c5 Nd7 14. Rb1 h6 15. b4 Bg6 16. Rb2 Bf6 17. Qd2 a6 18. a4 a5 19. b5 Nb4 20. Bf4 Re8 21. Bd6 Be4 22. Nxe4 dxe4 23. Ne5 Nd5 24. Bc4 Be7 25. Bxd5 exd5 26. Bxe7 Rxe7 27. Nxd7 Qxd7 28. Rc2 Re6 29. Rfc1 Rg6 30. Rc3 Rc8 31. Kh2 h5 32. Qf4 Rf6 33. Qh4 Qc7+ 34. Kg1 Rf5 35. c6 b6 36. g4 hxg4 37. hxg4 Rf6 38. g5 Rf4 39. Qh3 Re8 40. Rg3 Re6 41. Kg2 Rg6 42. Rh1 Kf8 43. Kf1 f6 44. Qh8+ Kf7 45. Qh5 fxg5 46. Rxg5 Rxf2+ 47. Kxf2 Qf4+ 48. Ke2 Qxg5 49. Qxg5 Rxg5 50. c7 Rg2+ 51. Kd1 e3 52. c8Q e2+ 53. Ke1 1-0

[Event "Titled Tuesday intern op 12th Jan"]
[Site "Chess.com INT"]
[Date "2021.01.12"]
[Round "1"]
[White "Sakorenko, Adriana"]
[Black "Sviridova, Vlada"]
[Result "0-1"]
[WhiteElo "2216"]
[BlackElo "2144"]
[PlyCount "62"]
[EventDate "2021.01.12"]
[EventType "swiss (blitz)"]
[EventRounds "11"]
[EventCountry "USA"]
[SourceTitle "CBM 200 Extra"]
[Source "ChessBase"]
[SourceDate "2021.03.31"]
[SourceVersion "1"]
[SourceVersionDate "2021.03.31"]
[SourceQuality "1"]

1. e4 e6 2. d4 d5 3. e5 c5 4. c3 Qb6 5. Nf3 Nc6 6. a3 c4 7. Nbd2 Na5 8. g3 Bd7 9. h4 h6 10. Bh3 Ne7 11. 0-0 0-0-0 12. h5 Kb8 13. Nh4 Qc7 14. f4 g6 15. hxg6 fxg6 16. Qc2 Rg8 17. b4 cxb3 18. Nxb3 Ba4 19. Rb1 Nxb3 20. Rxb3 Bxb3 21. Qxb3 Nf5 22. Kh2 Be7 23. Nf3 Rc8 24. Bd2 Qc4 25. Qb1 Qe2+ 26. Bg2 g5 27. Re1 Qf2 28. fxg5 hxg5 29. Ng1 Rh8+ 30. Nh3 Rxh3+ 31. Kxh3 Qxg3# 0-1

[Event "Titled Tuesday intern op 29th Dec"]
[Site "Chess.com INT"]
[Date "2020.12.29"]
[Round "3"]
[White "Dushyant, Sharma"]
[Black "Sakorenko, Adriana"]
[Result "0-1"]
[WhiteElo "2270"]
[BlackElo "2216"]
[PlyCount "73"]
[EventDate "2020.12.29"]
[EventType "swiss (blitz)"]
[EventRounds "11"]
[EventCountry "USA"]
[SourceTitle "CBM 200 Extra"]
[Source "ChessBase"]
[SourceDate "2021.03.31"]
[SourceVersion "1"]
[SourceVersionDate "2021.03.31"]
[SourceQuality "1"]

1. e4 c5 2. Nf3 Nc6 3. d4 cxd4 4. Nxd4 Nf6 5. Nc3 e5 6. Ndb5 d6 7. Bg5 a6 8. Na3 b5 9. Bxf6 gxf6 10. Nd5 f5 11. c3 Bh6 12. Qh5 Bg5 13. Bd3 f4 14. g3 Be6 15. gxf4 Bxf4 16. Nxf4 exf4 17. 0-0-0 Ne5 18. Rhg1 Qb6 19. Nc2 Qxf2 20. Rgf1 Nxd3+ 21. Kb1 Qg2 22. Rg1 Qxe4 23. Rd2 0-0-0 24. Re2 Qc6 25. Nd4 Qd7 26. Qf3 Nc5 27. Qa8+ Kc7 28. Qa7+ Nb7 29. Nxe6+ fxe6 30. Reg2 Ra8 31. Qd4 e5 32. Qd5 Rhe8 33. Rg7 Re7 34. R7g5 Rf8 35. a4 bxa4 36. Qc4+ Nc5 37. Qd3 0-1

[Event "Titled Tuesday intern op 22nd Dec"]
[Site "Chess.com INT"]
[Date "2020.12.22"]
[Round "2"]
[White "Sarkar, Justin"]
[Black "Sakorenko, Adriana"]
[Result "1-0"]
[WhiteElo "2366"]
[BlackElo "2216"]
[PlyCount "53"]
[EventDate "2020.12.22"]
[EventType "swiss (blitz)"]
[EventRounds "11"]
[EventCountry "USA"]
[SourceTitle "CBM 199 Extra"]
[Source "ChessBase"]
[SourceDate "2021.01.31"]
[SourceVersion "1"]
[SourceVersionDate "2021.01.31"]
[SourceQuality "1"]

1. d4 e6 2. e4 d5 3. Nc3 Nf6 4. e5 Nfd7 5. f4 c5 6. Nf3 Nc6 7. Bd3 a6 8. 0-0 b5 9. f5 cxd4 10. fxe6 Ndxe5 11. Nxe5 Nxe5 12. exf7+ Nxf7 13. Qf3 Be6 14. Re1 dxc3 15. Rxe6+ Be7 16. bxc3 0-0 17. Qh5 Nh6 18. Bxh6 gxh6 19. Bxh7+ Kh8 20. Qxh6 Bc5+ 21. Kh1 Be3 22. Rxe3 Qd7 23. Bf5+ Kg8 24. Bxd7 Rf1+ 25. Rxf1 Rf8 26. Be6+ Rf7 27. Bxf7# 1-0

[Event "Chess.com Bullet op1"]
[Site "Chess.com INT"]
[Date "2020.12.19"]
[Round "2"]
[White "Livaic, Leon"]
[Black "Sakorenko, Adriana"]
[Result "1-0"]
[WhiteElo "2507"]
[BlackElo "2216"]
[PlyCount "155"]
[EventDate "2020.12.19"]
[EventType "swiss (blitz)"]
[EventRounds "21"]
[EventCountry "USA"]
[SourceTitle "EXT 2022"]
[Source "ChessBase"]
[SourceDate "2021.10.06"]
[SourceVersion "1"]
[SourceVersionDate "2021.10.06"]
[SourceQuality "1"]

1. d4 d5 2. c4 dxc4 3. e3 Nf6 4. Bxc4 e6 5. Nf3 a6 6. 0-0 Nbd7 7. b3 b5 8. Be2 c5 9. a4 bxa4 10. Rxa4 Be7 11. Bb2 0-0 12. Nbd2 Qc7 13. Nc4 Bb7 14. Na5 Bd5 15. Ne5 Nxe5 16. dxe5 Nd7 17. f3 Nb6 18. Rg4 f5 19. exf6 Bxf6 20. Bxf6 Rxf6 21. e4 Bc6 22. Nc4 Bb5 23. Nxb6 Qxb6 24. Bxb5 axb5 25. Qd7 Rf7 26. Qd2 Rd8 27. Qe3 Qd6 28. h3 g6 29. h4 Qd4 30. Qxd4 Rxd4 31. Rc1 c4 32. bxc4 bxc4 33. Kf2 Rc7 34. Ke3 Rd3+ 35. Ke2 Ra3 36. Rc2 Rb3 37. e5 Rb4 38. Rd4 Kf7 39. f4 Ke7 40. g3 h6 41. Ke3 Rc5 42. Rc3 Ra4 43. Ke4 g5 44. fxg5 hxg5 45. h5 Raa5 46. g4 Rxe5+ 47. Kf3 Ra1 48. Rdxc4 Rf1+ 49. Kg2 Ree1 50. Rc7+ Kd6 51. R7c6+ Ke5 52. R3c5+ Kd4 53. Rc4+ Kd5 54. Rc3 Kd4 55. R6c4+ Kd5 56. Rc5+ Kd6 57. R5c4 Kd7 58. Rc2 Rg1+ 59. Kf3 Rh1 60. Rf2 Kd6 61. Kg2 Kd5 62. Rcc2 Reg1+ 63. Kf3 Ke5 64. Ke2 Kd6 65. Rd2+ Ke7 66. Kd3 Re1 67. Rfe2 Rb1 68. Kc2 Ra1 69. Kd3 Ra3+ 70. Ke4 Ra4+ 71. Kf3 Re1 72. Re4 Re2 73. Rdxe2 Ra3+ 74. R2e3 Ra4 75. Rxe6+ Kd7 76. R6e5 Kd6 77. R5e4 Ra5 78. Rd4+ 1-0

[Event "Chess.com Bullet op1"]
[Site "Chess.com INT"]
[Date "2020.12.19"]
[Round "17"]
[White "Omariev, Maksim"]
[Black "Sakorenko, Adriana"]
[Result "0-1"]
[WhiteElo "2304"]
[BlackElo "2216"]
[PlyCount "90"]
[EventDate "2020.12.19"]
[EventType "swiss (blitz)"]
[EventRounds "21"]
[EventCountry "USA"]
[SourceTitle "EXT 2022"]
[Source "ChessBase"]
[SourceDate "2021.10.06"]
[SourceVersion "1"]
[SourceVersionDate "2021.10.06"]
[SourceQuality "1"]

1. g4 c6 2. Bg2 d6 3. g5 Nd7 4. h4 h6 5. d4 hxg5 6. hxg5 Rxh1 7. Bxh1 e5 8. Nc3 Be7 9. Nf3 Qa5 10. Be3 b5 11. Qd2 b4 12. Ne4 f5 13. gxf6 Ngxf6 14. Nxf6+ gxf6 15. dxe5 fxe5 16. 0-0-0 Qxa2 17. Qxb4 a5 18. Qa3 Qxa3 19. bxa3 Rb8 20. Nd2 d5 21. Nb3 Bxa3+ 22. Kd2 a4 23. Nc1 Bb4+ 24. c3 Bc5 25. Bg5 Rb2+ 26. Ke1 a3 27. Nd3 Rc2 28. Ra1 a2 29. Bd2 e4 30. Nc1 Bxf2+ 31. Kd1 Rb2 32. Rxa2 Rxa2 33. Nxa2 Bb6 34. Kc2 Bc7 35. Be3 Ke7 36. Nb4 Kd6 37. Bf4+ Ne5 38. Bxe5+ Kxe5 39. Nxc6+ Kd6 40. Nd4 Ba6 41. e3 Bd3+ 42. Kd2 Bc4 43. Bg2 Bd8 44. Bh3 Be7 45. Bg4 Bf6 0-1

[Event "Chess.com Bullet op1"]
[Site "Chess.com INT"]
[Date "2020.12.19"]
[Round "19"]
[White "Sakorenko, Adriana"]
[Black "Leyva Rivera, Yunier"]
[Result "1-0"]
[WhiteElo "2216"]
[BlackElo "2427"]
[PlyCount "75"]
[EventDate "2020.12.19"]
[EventType "swiss (blitz)"]
[EventRounds "21"]
[EventCountry "USA"]
[SourceTitle "EXT 2022"]
[Source "ChessBase"]
[SourceDate "2021.10.06"]
[SourceVersion "1"]
[SourceVersionDate "2021.10.06"]
[SourceQuality "1"]

1. d4 Nf6 2. Nf3 g6 3. Nc3 Bg7 4. e4 d6 5. Be3 0-0 6. Qd2 Ng4 7. Bg5 h6 8. h3 hxg5 9. hxg4 Bxg4 10. Nxg5 e5 11. Bc4 exd4 12. Nd5 c6 13. Nb4 d5 14. exd5 Re8+ 15. Kf1 c5 16. d6 Rf8 17. Qf4 Qf6 18. Nd5 Qxf4 19. Nxf4 Nc6 20. Nxg6 Ne5 21. Nxf8 Kxf8 22. Bb3 c4 23. Nh7+ Kg8 24. Ba4 d3 25. cxd3 cxd3 26. f3 Bf5 27. Ng5 a6 28. Bb3 b5 29. f4 Nc4 30. Rc1 d2 31. Rd1 Ne3+ 32. Ke2 Nxd1 33. Rxd1 Bg4+ 34. Nf3 Rd8 35. Rxd2 Bf6 36. Rd3 Kf8 37. Re3 Bxb2 38. Kf2 1-0

[Event "Chess.com Bullet op1"]
[Site "Chess.com INT"]
[Date "2020.12.19"]
[Round "8"]
[White "Sakorenko, Adriana"]
[Black "Polok, Kacper"]
[Result "1/2-1/2"]
[WhiteElo "2216"]
[BlackElo "2272"]
[PlyCount "138"]
[EventDate "2020.12.19"]
[EventType "swiss (blitz)"]
[EventRounds "21"]
[EventCountry "USA"]
[SourceTitle "EXT 2022"]
[Source "ChessBase"]
[SourceDate "2021.10.06"]
[SourceVersion "1"]
[SourceVersionDate "2021.10.06"]
[SourceQuality "1"]

1. d4 Nf6 2. Nf3 e6 3. g3 b5 4. Nc3 Bb7 5. Nxb5 a6 6. Nc3 Be7 7. Bg2 0-0 8. 0-0 h6 9. Bf4 Ne4 10. Nd2 Nxc3 11. bxc3 Bxg2 12. Kxg2 d6 13. e4 Nd7 14. Be3 f5 15. Qe2 Kh8 16. exf5 exf5 17. Kg1 Bg5 18. Bxg5 Qxg5 19. Nf3 Qf6 20. Nh4 Rae8 21. Qd3 g5 22. Ng2 f4 23. gxf4 gxf4 24. Qf3 Rg8 25. Kh1 Ref8 26. Rae1 c5 27. Re4 cxd4 28. Rxf4 Qg7 29. cxd4 Rxf4 30. Nxf4 Nf6 31. Nh3 Qh7 32. Rg1 Rxg1+ 33. Nxg1 Qg6 34. c3 Ne4 35. Nh3 d5 36. Nf4 Qg5 37. c4 Nd2 38. Qg3 Qxg3 39. hxg3 dxc4 40. Nd5 Nf3 41. Nc3 Nxd4 42. Kg2 Kg7 43. f4 Nc2 44. Kf2 Nb4 45. Ke3 a5 46. Kd4 Nc2+ 47. Kxc4 Ne3+ 48. Kd3 Nf1 49. g4 Ng3 50. g5 h5 51. Ke3 h4 52. Kf3 Nf5 53. Kg4 Nd4 54. Kxh4 Kg6 55. Kg4 Nf5 56. Kf3 Nd4+ 57. Ke4 Nc2 58. Kd5 Nb4+ 59. Kc4 Kf5 60. a4 Nc6 61. g6 Kxg6 62. Kb5 Kf5 63. Nd5 Ke4 64. Nb6 Kd4 65. Nc4 Na7+ 66. Kxa5 Ke4 67. Kb6 Kxf4 68. a5 Kf5 69. Kxa7 Kf6 1/2-1/2

[Event "EU-Cup Online Gr-B (Women)"]
[Site "Tornelo INT"]
[Date "2020.12.19"]
[Round "1.4"]
[White "Sakorenko, Adriana"]
[Black "Theissl Pokorna, Regina"]
[Result "1/2-1/2"]
[WhiteElo "2216"]
[BlackElo "2296"]
[PlyCount "136"]
[EventDate "2020.12.19"]
[EventType "team-tourn (rapid)"]
[EventRounds "7"]
[EventCountry "ISS"]
[SourceTitle "CBM 199 Extra"]
[Source "ChessBase"]
[SourceDate "2021.01.31"]
[SourceVersion "1"]
[SourceVersionDate "2021.01.31"]
[SourceQuality "1"]
[WhiteTeam "Voronezh (W)"]
[BlackTeam "Arnia Chess (W)"]
[WhiteTeamCountry "RUS"]
[BlackTeamCountry "ROU"]

1. Nf3 Nf6 2. d4 e6 3. e3 b6 4. c4 Bb7 5. Nc3 d5 6. Be2 Be7 7. 0-0 0-0 8. b3 c5 9. Bb2 Nc6 10. dxc5 bxc5 11. cxd5 exd5 12. Rc1 Rc8 13. Na4 Ne4 14. Nd2 Nb4 15. a3 Na6 16. Nxe4 dxe4 17. Bc4 Qxd1 18. Rfxd1 Rfd8 19. Kf1 Nb8 20. Ke1 Kf8 21. Rxd8+ Rxd8 22. Be2 Nd7 23. Bb5 Bd5 24. Bxd7 Rxd7 25. Nxc5 Bxc5 26. Rxc5 Bxb3 27. Bd4 g6 28. f3 exf3 29. gxf3 a6 30. Kd2 Bd5 31. f4 Be4 32. Ra5 Bb7 33. Kc3 Rd5 34. Rxd5 Bxd5 35. Kb4 Ke7 36. Kc5 Be4 37. h4 Ke6 38. Kb6 Bd3 39. Bc5 Kf5 40. Be7 Ke4 41. Bc5 h6 42. Kc6 f6 43. Kd7 g5 44. fxg5 fxg5 45. hxg5 hxg5 46. Kc6 g4 47. Bd6 Kxe3 48. Kc5 Kf2 49. Kb4 g3 50. Bc5+ Kf1 51. Kc3 Bb5 52. Kb4 g2 53. a4 Be2 54. a5 g1Q 55. Bxg1 Kxg1 56. Ka3 Kf2 57. Kb2 Ke3 58. Ka1 Kd4 59. Kb2 Kc4 60. Ka1 Kb4 61. Kb2 Kxa5 62. Ka1 Kb4 63. Kb2 a5 64. Ka1 a4 65. Kb2 a3+ 66. Ka1 Kb3 67. Kb1 Bd3+ 68. Ka1 a2 1/2-1/2

[Event "Chess.com Bullet op1"]
[Site "Chess.com INT"]
[Date "2020.12.19"]
[Round "14"]
[White "Vovk, Orest"]
[Black "Sakorenko, Adriana"]
[Result "0-1"]
[WhiteElo "2315"]
[BlackElo "2216"]
[PlyCount "88"]
[EventDate "2020.12.19"]
[EventType "swiss (blitz)"]
[EventRounds "21"]
[EventCountry "USA"]
[SourceTitle "EXT 2022"]
[Source "ChessBase"]
[SourceDate "2021.10.06"]
[SourceVersion "1"]
[SourceVersionDate "2021.10.06"]
[SourceQuality "1"]

1. g4 h5 2. g5 e5 3. d4 exd4 4. Nf3 Nc6 5. c3 dxc3 6. Nxc3 d6 7. g6 fxg6 8. Rg1 Bf5 9. e4 Qe7 10. Be2 Bg4 11. h3 Bxf3 12. Bxf3 Nf6 13. Rxg6 Ne5 14. Rg5 0-0-0 15. Be2 Nfd7 16. f4 Nf7 17. Ra5 a6 18. Bxa6 bxa6 19. Rxa6 Nb8 20. Ra8 Qh4+ 21. Kd2 Qf2+ 22. Kd3 Qb6 23. Be3 Qb7 24. Qa4 d5 25. Nb5 dxe4+ 26. Ke2 c6 27. Na7+ Kc7 28. Rc1 Nd6 29. Nxc6 Nxc6 30. Rxc6+ Qxc6 31. Ra7+ Nb7 32. Qa5+ Kd7 33. Qf5+ Ke7 34. Qg5+ Kf7 35. Qf5+ Kg8 36. Ra6 Qc4+ 37. Kf2 Qxa6 38. Kg3 Qf6 39. Qb5 Qf7 40. Qb3 Qxb3 41. Kh2 Nc5 42. Bf2 Nd3 43. Kh1 Ne1 44. axb3 Nc2 0-1

[Event "Titled Tuesday intern op 17th Nov"]
[Site "Chess.com INT"]
[Date "2020.11.17"]
[Round "2"]
[White "Kollars, Dmitrij"]
[Black "Sakorenko, Adriana"]
[Result "1-0"]
[WhiteElo "2598"]
[BlackElo "2216"]
[PlyCount "77"]
[EventDate "2020.11.17"]
[EventType "swiss (blitz)"]
[EventRounds "11"]
[EventCountry "USA"]
[SourceTitle "CBM 199 Extra"]
[Source "ChessBase"]
[SourceDate "2021.01.31"]
[SourceVersion "1"]
[SourceVersionDate "2021.01.31"]
[SourceQuality "1"]

1. Nf3 d5 2. e3 Nf6 3. c4 e6 4. Nc3 Be7 5. b3 0-0 6. Bb2 b6 7. cxd5 Nxd5 8. Be2 Bb7 9. Qb1 a6 10. h4 Nc6 11. Ng5 g6 12. Nxd5 Qxd5 13. Bf3 Qb5 14. Nxh7 Nb4 15. Be2 Qc6 16. Nxf8 Qxg2 17. Rf1 Rxf8 18. a3 Nd5 19. h5 Bh4 20. Qc2 Bf6 21. hxg6 Qxg6 22. Qxg6+ fxg6 23. 0-0-0 Bxb2+ 24. Kxb2 Nf6 25. f3 Rd8 26. Bc4 Kf7 27. b4 Bd5 28. Bxd5 Nxd5 29. Rc1 Rd7 30. Rc4 b5 31. Rc5 Nb6 32. Kc1 Nc4 33. Rd1 Nxa3 34. d3 a5 35. bxa5 b4 36. a6 c6 37. Rxc6 Ra7 38. Rb6 Nb5 39. Rxb5 1-0